00964nam a2200229 a 450000100100000000500170001000800410002702000150006804000250008310000420010824500900015026000720024030000210031249000200033350000730035350400320042671000680045871000600052683000260058695201050061299900170071700003933920201002031613.0130624s1997 dr 000 0 spa d a8400076818 aDO-SdBNPbspacBNPHU1 aZamora López, José Ángel96553410aSobre el modo de producción asiático en Ugarit /cZamora López, José Ángel. aMadrid :bConsejo Superior de Investigaciones Científicas,c1997. a189 p. ;c26 cm.1 aMonografíav2 aIncluye referencias bibliográficas y notas al pie de las páginas aBibliografía : p. 159-1772 aBanco de Datos Folológicos Semíticos Noroccidentales9655352 aConsejo Superior de Investigaciones Científicas94786 0aMonografíav294914 0010718PDaGRbGRcCTd2013-06-24iLF1l0o p39339-10r2020-06-25w2020-06-25yLFPDZNo se presta c38829d38829